000 00485nam a2200169Ia 4500
999 _c36310
_d36310
003 OSt
005 20201211134835.0
008 190216s9999||||xx |||||||||||||| ||und||
040 _coclc
082 _a534
_bKER/S
100 _aKerrod, Robin
_97409
245 0 _aSounds And Signals /
_cRobin Kerrod
260 _bOxford University Press,
_c1999.
_aNew York:
300 _a57p
650 _aInsights Light And Lasers
942 _cREF
_2ddc
_h534
_iKER/S
_k534
_mKER/S